Sổ tay đồ dùng điện gia đình : Chọn mua, sử dụng, sửa chữa

Nội dung sách nói về cách sử dụng các dụng cụ điện trong gia đình và hướng dẫn mua những thiết bị sử điện cho phù hợp với gia đình.

Spremljeno u:
Bibliografski detalji
Glavni autor: Phạm, Văn Khiết
Format: Knjiga
Jezik:Undetermined
Izdano: Hà Nội Lao động 2006
Teme:
Oznake: Dodaj oznaku
Bez oznaka, Budi prvi tko označuje ovaj zapis!
Thư viện lưu trữ: Trung tâm Học liệu Trường Đại học Cần Thơ
LEADER 00854nam a2200217Ia 4500
001 CTU_120473
008 210402s9999 xx 000 0 und d
020 |c 100000 
082 |a 621.30284 
082 |b Kh308 
100 |a Phạm, Văn Khiết 
245 0 |a Sổ tay đồ dùng điện gia đình : 
245 0 |b Chọn mua, sử dụng, sửa chữa 
245 0 |c Phạm Văn Khiết (biên soạn) 
260 |a Hà Nội 
260 |b Lao động 
260 |c 2006 
520 |a Nội dung sách nói về cách sử dụng các dụng cụ điện trong gia đình và hướng dẫn mua những thiết bị sử điện cho phù hợp với gia đình. 
650 |a Apparatus, equiment, material 
904 |i Hiếu 
980 |a Trung tâm Học liệu Trường Đại học Cần Thơ